000 00358nam a2200145Ia 4500
008 191201s2008 xx 000 0 und d
082 _a658.18
_bHII
100 _aHILL, Charles
245 0 _aInternational Business Competing in the Global Marketplace
250 _a5th
260 _aN.Delhi
_bTMH
_c2008
300 _a942
650 _aMBA
942 _2ddc
_cBK
999 _c3155
_d3155